000 00522nam a2200169 4500
001 133302
003 ES-MaACL
005 20230906194353.0
007 t|
008 070214s1956 sp r ||||1| spa d
100 1 _aRubio Sanjuán, Isidoro.
_9100446
245 1 0 _aAmpliación de Matemáticas para químicos, electricistas y mecánicos /
_cpor I. Rubio Sanjuán.
250 _a3ª ed.
260 _aBarcelona [etc.] :
_bLabor,
_c1956.
300 _aXV, 769 p. :
_bil. ;
_c25 cm.
852 _aES-MaACL
_jC-12223
_bR.40374
999 _c133302
_d133302